[Event "Chigorin Memorial"]
[Site "St Petersburg RUS"]
[Date "2013.10.07"]
[Round "3.61"]
[White "Zhilchikov, Nikolai"]
[Black "Bublei, Pavel"]
[Result "0-1"]
[BlackTitle "FM"]
[WhiteElo "2074"]
[BlackElo "2328"]
[WhiteFideId "4137264"]
[BlackFideId "24112593"]
[EventDate "2013.10.05"]

1. d4 d5 2. Nf3 c5 3. e3 Nc6 4. dxc5 e6 5. Bd2 Bxc5 6. Bc3 Nf6 7. Nbd2 a6 8. a3
Qc7 9. b4 Be7 10. Be2 O-O 11. O-O e5 12. Bb2 b5 13. Nb3 Rd8 14. c3 e4 15. Nfd4
Ne5 16. a4 bxa4 17. Rxa4 Bg4 18. h3 Nc4 19. Ba1 Bd7 20. Ra2 Qe5 21. Bxc4 dxc4
22. Ra5 Bb5 23. Nc1 Bd6 24. g3 Bc7 25. Ra2 Bd7 26. Kg2 Nd5 27. Nce2 h5 28. Nf4
h4 29. Qe2 Qg5 30. Qb2 Bxf4 0-1

[Event "Chigorin Memorial"]
[Site "St Petersburg RUS"]
[Date "2013.10.07"]
[Round "3.62"]
[White "Kigel, Dmytro"]
[Black "Plotnikov, Vitaly"]
[Result "1/2-1/2"]
[WhiteTitle "FM"]
[WhiteElo "2320"]
[BlackElo "2065"]
[WhiteFideId "14117932"]
[BlackFideId "24118915"]
[EventDate "2013.10.05"]

1. e4 c6 2. d4 d5 3. e5 g6 4. Nf3 Bf5 5. c4 Bg7 6. Nc3 e6 7. h3 h5 8. Bg5 f6 9.
exf6 Nxf6 10. Bd3 O-O 11. Ne5 Qe8 12. Be2 dxc4 13. Bxc4 Ne4 14. Nxe4 Bxe4 15. f3
Bd5 16. Bd3 Bxe5 17. dxe5 Nd7 18. Qe2 Qf7 19. f4 c5 20. Rg1 c4 21. Bc2 Nc5 22.
g4 Nd3+ 23. Bxd3 cxd3 24. Qxd3 h4 25. Bf6 Rac8 26. b3 Rc6 27. Kd2 Rfc8 28. Rac1
Rxc1 29. Rxc1 Rxc1 30. Kxc1 Qc7+ 31. Kb2 Kf7 32. Bxh4 Qc5 33. f5 gxf5 34. gxf5
exf5 35. Qxf5+ Ke8 36. Qd3 a5 37. Be1 Bf7 38. Bc3 a4 39. bxa4 Qf2+ 40. Bd2 Be6
41. Qd6 Bxh3 42. a5 Bd7 43. Qd5 Bc6 44. Qe6+ Kf8 45. Qd6+ Ke8 46. e6 Qg2 47. Qf4
Qf3 48. Qg5 Qg2 49. Qf4 Qf3 50. Qh6 Qe2 51. a4 Ke7 52. a6 bxa6 53. Qg5+ 1/2-1/2

[Event "Chigorin Memorial"]
[Site "St Petersburg RUS"]
[Date "2013.10.07"]
[Round "3.63"]
[White "Kartsev, Evgeni"]
[Black "Shchukin, Dmitry"]
[Result "0-1"]
[BlackTitle "IM"]
[WhiteElo "2067"]
[BlackElo "2318"]
[WhiteFideId "24162469"]
[BlackFideId "4121724"]
[EventDate "2013.10.05"]

1. Nf3 c5 2. g3 g6 3. Bg2 Bg7 4. O-O Nc6 5. c3 e5 6. e4 Nge7 7. Na3 O-O 8. d4
exd4 9. cxd4 Nxd4 10. Nxd4 cxd4 11. Bf4 d6 12. Nc4 Be6 13. Nxd6 g5 14. Nxb7 Qb6
15. Bxg5 f6 16. Bf4 Qxb7 17. Qxd4 Rad8 18. Qa4 Ng6 19. Be3 Qxb2 20. Qxa7 Ra8 21.
Rab1 Qe5 22. Qb6 Bf7 23. Rfc1 Qh5 24. h3 Ne5 25. g4 Qh4 26. Qb5 Bh6 27. Bxh6
Qxh6 0-1

[Event "Chigorin Memorial"]
[Site "St Petersburg RUS"]
[Date "2013.10.07"]
[Round "3.64"]
[White "Donskov, Anatoly"]
[Black "Kazakov, Maksym"]
[Result "1-0"]
[WhiteTitle "FM"]
[WhiteElo "2317"]
[BlackElo "2062"]
[WhiteFideId "24143413"]
[BlackFideId "14128756"]
[EventDate "2013.10.05"]

1. e4 c5 2. Nf3 Nc6 3. d4 cxd4 4. Nxd4 e5 5. Nb5 a6 6. Nd6+ Bxd6 7. Qxd6 Qf6 8.
Qc7 Nge7 9. Nc3 Nb4 10. Bd3 d5 11. O-O d4 12. Na4 Qc6 13. Qxc6+ Nexc6 14. Nb6
Rb8 15. Bd2 Be6 16. f4 f6 17. a3 Nxd3 18. cxd3 O-O 19. f5 Bc8 20. Rfc1 Rd8 21.
g4 Bd7 22. g5 Kf7 23. gxf6 g6 24. fxg6+ Kxg6 25. Kh1 Kxf6 26. Rg1 Ne7 27. Raf1+
Ke6 28. Rg7 Rg8 29. Rgf7 Rg6 30. Bg5 1-0

[Event "Chigorin Memorial"]
[Site "St Petersburg RUS"]
[Date "2013.10.07"]
[Round "3.65"]
[White "Ivakhinova, Inna"]
[Black "Sorokopudov, Vladimir M."]
[Result "1-0"]
[WhiteTitle "WGM"]
[WhiteElo "2312"]
[BlackElo "2057"]
[WhiteFideId "4185641"]
[BlackFideId "24153052"]
[EventDate "2013.10.05"]

1. d4 d5 2. c4 c6 3. Nf3 Nf6 4. Nc3 e6 5. Bg5 Be7 6. e3 Nbd7 7. Qc2 Qa5 8. cxd5
exd5 9. Bd3 h6 10. Bh4 O-O 11. O-O Re8 12. a3 Qd8 13. Bg3 Nf8 14. h3 Bd6 15. Ne5
Nh5 16. Bh2 Nf6 17. f4 Bd7 18. g4 Re7 19. Qg2 Ne8 20. g5 Bxe5 21. fxe5 hxg5 22.
Qxg5 Re6 23. Qh5 g6 24. Qf3 Qe7 25. e4 dxe4 26. Nxe4 Nh7 27. Bc4 Rd8 28. Bg3 Bc8
29. Rad1 b6 30. Kh2 Rd5 31. h4 f5 32. Bxd5 cxd5 33. Nc3 Bb7 34. Rc1 a6 35. Rg1
Ng7 36. Bf2 g5 37. hxg5 Nxg5 38. Qg3 Rh6+ 39. Kg2 Rh3 40. Qf4 Rf3 41. Qxf3 Nxf3
42. Kxf3 b5 43. Kg2 Kf8 44. Rh1 b4 45. Rh8+ 1-0

[Event "Chigorin Memorial"]
[Site "St Petersburg RUS"]
[Date "2013.10.07"]
[Round "3.66"]
[White "Melnikov, Dmitry"]
[Black "Kazakovskiy, Valeriy"]
[Result "1-0"]
[WhiteTitle "FM"]
[WhiteElo "2311"]
[BlackElo "2051"]
[WhiteFideId "4146468"]
[BlackFideId "13507443"]
[EventDate "2013.10.05"]

1. f4 d5 2. Nf3 Nf6 3. g3 g6 4. Bg2 Bg7 5. O-O O-O 6. d3 c5 7. Qe1 Nc6 8. e4
dxe4 9. dxe4 e5 10. Nc3 Nd4 11. Qd2 exf4 12. gxf4 Qb6 13. e5 Rd8 14. Nxd4 Rxd4
15. Qe2 Ng4 16. h3 Nh6 17. Be3 Qxb2 18. Bxd4 cxd4 19. Nd5 Bf5 20. Ne7+ Kh8 21.
Nxf5 Nxf5 22. Rfb1 Qc3 23. Qd3 Bh6 24. Qxc3 dxc3 25. Rxb7 Bxf4 26. Be4 Ng3 27.
Bd3 Bxe5 28. Rxf7 Nh5 29. Re1 Bd4+ 30. Kg2 Bc5 31. Re5 Bd6 32. Re4 a5 33. Rd4
Be5 34. Rdd7 Nf6 35. Ra7 1-0

[Event "Chigorin Memorial"]
[Site "St Petersburg RUS"]
[Date "2013.10.07"]
[Round "3.67"]
[White "Leontiev, Aleksandr V."]
[Black "Martynyuk, Elizaveta"]
[Result "1-0"]
[WhiteTitle "IM"]
[WhiteElo "2310"]
[BlackElo "2032"]
[WhiteFideId "4122968"]
[BlackFideId "24128511"]
[EventDate "2013.10.05"]

1. Nf3 Nf6 2. c4 d5 3. cxd5 Nxd5 4. e4 Nf6 5. Nc3 Nc6 6. d4 Bg4 7. d5 Ne5 8.
Nxe5 Bxd1 9. Bb5+ c6 10. dxc6 Bg4 11. Nxg4 bxc6 12. Bxc6+ Nd7 13. Ne5 Qb6 14.
Nd5 Qc5 15. Be3 Qd6 16. Bxd7+ Kd8 17. Nxf7+ Kxd7 18. Nxd6 exd6 19. Rc1 Rc8 20.
Rxc8 Kxc8 21. Ke2 g6 22. Rc1+ Kb8 23. Rc7 Bg7 24. Bxa7+ Ka8 25. Nb6# 1-0

[Event "Chigorin Memorial"]
[Site "St Petersburg RUS"]
[Date "2013.10.07"]
[Round "3.68"]
[White "Aseev, Vladimir"]
[Black "Aharon, Ofir"]
[Result "0-1"]
[BlackTitle "FM"]
[WhiteElo "2064"]
[BlackElo "2310"]
[WhiteFideId "24121371"]
[BlackFideId "2800683"]
[EventDate "2013.10.05"]

1. d4 Nf6 2. c4 g6 3. Nf3 Bg7 4. Nc3 d5 5. cxd5 Nxd5 6. g3 O-O 7. Bg2 c5 8. Qb3
Nxc3 9. bxc3 Nc6 10. e3 cxd4 11. cxd4 Qa5+ 12. Bd2 Qh5 13. h3 g5 14. Rc1 h6 15.
Rc5 Qg6 16. O-O Rb8 17. Rfc1 Bd7 18. h4 b6 19. Rd5 Na5 20. Bxa5 bxa5 21. Qa3 Bc6
22. Rxa5 Bxf3 23. Bxf3 gxh4 24. g4 e5 25. dxe5 h5 26. Qa4 Rfe8 27. Qf4 Rb1 28.
Rxb1 Qxb1+ 29. Kg2 h3+ 30. Kxh3 hxg4+ 31. Qxg4 Re6 32. Be4 Rh6+ 33. Kg3 Qg1+ 34.
Kf3 Qd1+ 35. Kf4 Qd2 36. Qc8+ Bf8 37. Qg4+ Bg7 38. Qc8+ Bf8 39. Qg4+ Kh8 40. Ra4
Qxf2+ 41. Bf3 Rh4 42. Rxa7 Rxg4+ 43. Kxg4 Qg1+ 44. Kh4 Qf2+ 45. Kg4 Kg8 46. Bd5
Qe2+ 47. Kh4 Qe1+ 48. Kg4 Qd1+ 49. Bf3 Qg1+ 0-1

[Event "Chigorin Memorial"]
[Site "St Petersburg RUS"]
[Date "2013.10.07"]
[Round "3.70"]
[White "Zhurikhin, Alexander"]
[Black "Erenberg, Ariel"]
[Result "1-0"]
[WhiteTitle "FM"]
[WhiteElo "2308"]
[BlackElo "2029"]
[WhiteFideId "4139569"]
[BlackFideId "2811634"]
[EventDate "2013.10.05"]

1. e4 c5 2. Nf3 e6 3. g3 d5 4. exd5 exd5 5. d4 Nc6 6. Bg2 Bg4 7. O-O Nxd4 8.
Qe1+ Be6 9. Nxd4 cxd4 10. Qe5 Qf6 11. Bf4 Qxe5 12. Bxe5 Rc8 13. c3 d3 14. Rd1 f6
15. Bd4 Ne7 16. Bxa7 Nc6 17. Bb6 Kf7 18. f4 Be7 19. Kh1 Bd8 20. Bf2 Be7 21. Rxd3
Rhd8 22. Bb6 Rd7 23. Nd2 Bd8 24. Bxd8 Rcxd8 25. Nb3 Rd6 26. Rad1 Bg4 27. R1d2
Ne7 28. c4 Be6 29. Kg1 Ra6 30. a3 Bf5 31. Rd4 Rb6 32. Nc5 Rc8 33. Na4 Ra6 34.
cxd5 Rc1+ 35. Kf2 Bd7 36. Nc3 Nf5 37. Rb4 Nd6 38. Ne4 b5 39. Nxd6+ Rxd6 40. Re4
Bf5 41. Re1 Rc5 42. Bf3 Rc4 43. Re3 Bd7 44. Re4 Rc5 45. Rde2 Kg6 46. Re7 h5 47.
Be4+ Kh6 48. Rf7 Bg4 49. Rd2 Rc4 50. Ke3 Rc1 51. Rf8 g6 52. Rh8+ Kg7 53. Rb8 Rc5
54. b4 Rc3+ 55. Rd3 Rc7 56. Rxb5 Re7 57. Kd4 Be2 58. a4 f5 59. Bf3 Bxd3 60. Kxd3
Ra7 61. a5 Kf7 62. Kd4 Ke7 63. Rb8 Rf6 64. Rb6 Rd6 65. Kc5 Rc7+ 66. Rc6 Rcxc6+
67. dxc6 Rd3 68. Bd5 Rc3+ 69. Bc4 Kd8 70. b5 1-0

[Event "Chigorin Memorial"]
[Site "St Petersburg RUS"]
[Date "2013.10.07"]
[Round "3.71"]
[White "Ivanov, Sergei V."]
[Black "Kostin, Alexey"]
[Result "1/2-1/2"]
[BlackTitle "IM"]
[WhiteElo "2053"]
[BlackElo "2306"]
[WhiteFideId "24170003"]
[BlackFideId "4120736"]
[EventDate "2013.10.05"]

1. e4 c5 2. Nc3 e6 3. Nf3 a6 4. d4 cxd4 5. Nxd4 Qc7 6. Be2 Nf6 7. O-O b5 8. a3
Bb7 9. Bf3 d6 10. Qe2 Nbd7 11. g3 Be7 12. Bg2 O-O 13. Kh1 Rac8 14. f4 Qb8 15.
Be3 Rc4 16. Bg1 Qa8 17. Rfe1 Rfc8 18. Nb3 Nxe4 19. Nxe4 Rxc2 20. Ned2 Nc5 21.
Bxc5 dxc5 22. Bxb7 Qxb7+ 23. Qe4 Qxe4+ 24. Nxe4 Rxb2 25. Nbxc5 Rxc5 26. Nxc5
Bxc5 27. Rec1 Bf8 28. a4 g6 29. axb5 axb5 30. Ra8 Kg7 31. Ra7 Bd6 32. Rc6 Rd2
33. Rb7 b4 34. Rbb6 Bf8 35. Rb7 Kf6 36. Rb5 h5 37. h4 Rb2 38. Rcb6 Rc2 39. Rb8
Bd6 40. R8b6 Rd2 41. Rc6 Ke7 42. Rb7+ Kf8 43. Rc8+ Kg7 44. Rc6 Kf6 45. Rb5 Bf8
46. Rc8 Kg7 47. Rc6 Re2 48. Kg1 Rb2 49. Kf1 Rb1+ 50. Kg2 Rb2+ 51. Kf1 1/2-1/2

[Event "Chigorin Memorial"]
[Site "St Petersburg RUS"]
[Date "2013.10.07"]
[Round "3.72"]
[White "Khakimov, Timur"]
[Black "Radkov, Bazhen D."]
[Result "1-0"]
[WhiteTitle "IM"]
[WhiteElo "2305"]
[BlackElo "2027"]
[WhiteFideId "4169115"]
[BlackFideId "24170593"]
[EventDate "2013.10.05"]

1. e4 e5 2. Nf3 Nc6 3. Bb5 f5 4. d3 fxe4 5. dxe4 Nf6 6. Nc3 Bb4 7. O-O Bxc3 8.
bxc3 d6 9. Qd3 a6 10. Bc4 Na5 11. Ng5 Nxc4 12. Qxc4 Qe7 13. f4 h6 14. fxe5 hxg5
15. exf6 gxf6 16. Rb1 Qe5 17. g3 c5 18. Rb6 Be6 19. Qd3 Rd8 20. c4 Qd4+ 21. Qxd4
cxd4 22. Rxf6 Bxc4 23. Rxb7 Rf8 24. Bxg5 Rxf6 25. Bxf6 Rd7 26. Rb8+ Kf7 27. Bxd4
Re7 28. Rb4 Bxa2 29. Ra4 Bb1 30. Rxa6 Rxe4 31. Rxd6 Bxc2 32. Kf2 Re6 33. Rd7+
Ke8 34. Rd5 Be4 35. Ra5 Bg6 36. Ra7 Re4 37. Be3 Re7 38. Ra8+ Kf7 39. g4 Re4 40.
Kf3 Rb4 41. Ra7+ Ke6 42. Ra6+ Kf7 43. h4 Be4+ 44. Kg3 Bb7 45. Ra7 Rb3 46. Kf4
Ke6 47. Bc5 Rb1 48. h5 Rb5 49. g5 Kf7 50. Bd4 Ke6 51. g6 Rf5+ 52. Ke3 Rf3+ 53.
Ke2 Be4 54. g7 Rg3 55. h6 Bh7 56. Ra8 Rh3 57. Rh8 1-0

[Event "Chigorin Memorial"]
[Site "St Petersburg RUS"]
[Date "2013.10.07"]
[Round "3.73"]
[White "Utkin, Vladimir"]
[Black "Sichinava, Zviad"]
[Result "1/2-1/2"]
[WhiteElo "2025"]
[BlackElo "2305"]
[WhiteFideId "24112160"]
[BlackFideId "24111716"]
[EventDate "2013.10.05"]

1. c4 Nf6 2. Nf3 g6 3. g3 Bg7 4. Bg2 O-O 5. O-O c5 6. Nc3 Nc6 7. e3 d5 8. cxd5
Nxd5 9. Nxd5 Qxd5 10. Nd4 Qd6 11. Nxc6 bxc6 12. Qa4 Bd7 13. Rd1 Rab8 14. Qa3 Rb7
15. d4 cxd4 16. Qxd6 exd6 17. exd4 Rb4 18. Bf4 Rxb2 19. Bxd6 Re8 20. Bf3 a5 21.
a4 Rb3 22. Ra3 Rb2 23. Rc3 Ra2 24. Bxc6 Rc8 25. Bd5 Rxc3 26. Bxa2 Bg4 27. Re1 h5
28. Be5 Bf3 29. Bxg7 Kxg7 30. h4 Rc2 31. Bb1 Rc4 32. Be4 Bxe4 33. Rxe4 Rxa4 34.
Re5 Ra1+ 35. Kg2 Kf6 36. Kf3 a4 37. Ra5 Ke6 38. Kf4 Ra2 39. f3 Ra1 40. Ke4 Re1+
41. Kf4 Ra1 42. Ke4 a3 43. Ra6+ Kd7 44. Kd5 a2 45. Ra7+ Kc8 46. Kd6 Kb8 47. Ra3
Kb7 48. d5 Kb6 49. Kd7 Rd1 50. Rxa2 Rxd5+ 51. Ke7 g5 1/2-1/2

[Event "Chigorin Memorial"]
[Site "St Petersburg RUS"]
[Date "2013.10.07"]
[Round "3.74"]
[White "Drozdova, Dina"]
[Black "Klukin, Kirill"]
[Result "0-1"]
[WhiteTitle "WIM"]
[WhiteElo "2291"]
[BlackElo "2024"]
[WhiteFideId "4170695"]
[BlackFideId "24199273"]
[EventDate "2013.10.05"]

1. d4 Nf6 2. c4 g6 3. Nc3 Bg7 4. e4 d6 5. h3 O-O 6. Nf3 e5 7. d5 Na6 8. Bg5 Qe8
9. g4 Nd7 10. Rg1 Kh8 11. Qd2 Ndc5 12. Bh6 Bxh6 13. Qxh6 f6 14. O-O-O Bd7 15.
Bd3 Nxd3+ 16. Rxd3 Nc5 17. Re3 a5 18. Nd2 Qe7 19. f4 Qg7 20. Qxg7+ Kxg7 21. f5
Kf7 22. Ne2 b5 23. Nc3 bxc4 24. Nxc4 Bc8 25. b3 Bd7 26. Kc2 Rfb8 27. fxg6+ hxg6
28. Rf3 a4 29. Nd2 axb3+ 30. axb3 Ke7 31. Rgf1 Rf8 32. Rg1 Rf7 33. Rff1 Na6 34.
Nc4 f5 35. Ne3 f4 36. Nc4 Rb8 37. Na5 Nb4+ 38. Kd2 Rh7 39. Rf3 Rbh8 40. Rh1 Bxg4
41. Rf2 Bxh3 42. Nc6+ Nxc6 43. dxc6 Be6 44. Rxh7+ Rxh7 45. b4 Rh8 46. Rg2 Kf6
47. Nb5 Rc8 48. Rh2 Kg7 49. Rg2 d5 50. Kd3 Kf6 51. Nc3 dxe4+ 52. Nxe4+ Kg7 53.
Nc3 Rd8+ 54. Kc2 Bf5+ 55. Kb3 e4 56. Nb5 e3 57. Re2 Be6+ 58. Kb2 Bc4 0-1

[Event "Chigorin Memorial"]
[Site "St Petersburg RUS"]
[Date "2013.10.07"]
[Round "3.75"]
[White "Kharchenko, Daniil"]
[Black "Cheremnova, Tamara"]
[Result "1-0"]
[BlackTitle "WIM"]
[WhiteElo "2023"]
[BlackElo "2289"]
[WhiteFideId "24101664"]
[BlackFideId "4175026"]
[EventDate "2013.10.05"]

1. e4 c6 2. d4 d5 3. Nc3 dxe4 4. Nxe4 Bf5 5. Nc5 b6 6. Nb3 e6 7. Nf3 Bd6 8. g3
Ne7 9. Bg2 h6 10. O-O Nd7 11. Re1 O-O 12. c4 Qc7 13. Bd2 Rad8 14. Bc3 Bh7 15.
Qe2 Rfe8 16. c5 bxc5 17. Ba5 Qb7 18. Bxd8 Rxd8 19. Rac1 Nd5 20. dxc5 Bc7 21.
Red1 Rb8 22. Nfd4 N7f6 23. Qc4 Ne7 24. Qa4 Nfd5 25. Bxd5 cxd5 26. Qd7 Ng6 27. c6
Qc8 28. Nb5 Bb6 29. Nd6 Qc7 30. Nc5 Ne5 31. Qxc7 Bxc7 32. Na6 1-0

[Event "Chigorin Memorial"]
[Site "St Petersburg RUS"]
[Date "2013.10.07"]
[Round "3.76"]
[White "Pustovoitova, Daria"]
[Black "Voronenkov, Sergey"]
[Result "1-0"]
[WhiteTitle "FM"]
[WhiteElo "2286"]
[BlackElo "2019"]
[WhiteFideId "4182146"]
[BlackFideId "24129674"]
[EventDate "2013.10.05"]

1. d4 Nf6 2. c4 g6 3. g3 d5 4. cxd5 Nxd5 5. Bg2 Bg7 6. e4 Nb6 7. Ne2 O-O 8. O-O
Na6 9. b3 c5 10. Be3 c4 11. Nbc3 Bg4 12. f3 Bd7 13. d5 e6 14. Bd4 exd5 15. Bxg7
Kxg7 16. exd5 Rc8 17. Qd2 f6 18. f4 Nc5 19. Nd4 Qc7 20. d6 Qb8 21. Rfe1 Kh8 22.
f5 Qxd6 23. fxg6 Nd3 24. Qh6 Qxd4+ 25. Re3 Qxe3+ 26. Qxe3 Ne5 27. Bxb7 Rce8 28.
gxh7 Bf5 29. Be4 Bxe4 30. Nxe4 Nd5 31. Qc5 Nb6 32. Rf1 Nbd7 33. Qxa7 Ra8 34. Qd4
Rxa2 35. Nxf6 Nxf6 36. Qxe5 Ra6 37. Qe7 Re8 38. Qf7 cxb3 39. Rxf6 1-0

[Event "Chigorin Memorial"]
[Site "St Petersburg RUS"]
[Date "2013.10.07"]
[Round "3.77"]
[White "Larina, Marija"]
[Black "Pletnev, Evgeniy"]
[Result "1-0"]
[WhiteTitle "WFM"]
[WhiteElo "2011"]
[BlackElo "2278"]
[WhiteFideId "24113182"]
[BlackFideId "24104140"]
[EventDate "2013.10.05"]

1. e4 c5 2. Nf3 d6 3. d4 cxd4 4. Nxd4 Nf6 5. Nc3 g6 6. Be3 Bg7 7. f3 O-O 8. Qd2
Nc6 9. O-O-O Nxd4 10. Bxd4 Be6 11. Kb1 Rc8 12. g4 Nd7 13. Bxg7 Kxg7 14. Nd5 Ne5
15. Be2 b5 16. h4 f6 17. g5 fxg5 18. hxg5 Bxd5 19. exd5 h5 20. f4 Nc4 21. Qd4+
Kg8 22. Qe4 Qe8 23. Bg4 hxg4 24. Rh6 Rf5 25. Qe6+ Kf8 26. Rdh1 1-0

[Event "Chigorin Memorial"]
[Site "St Petersburg RUS"]
[Date "2013.10.07"]
[Round "3.78"]
[White "Pashinsky, Mikhail"]
[Black "Opanasenko, Mikhail"]
[Result "1-0"]
[WhiteElo "2273"]
[BlackElo "2009"]
[WhiteFideId "4152450"]
[BlackFideId "24176834"]
[EventDate "2013.10.05"]

1. c4 e5 2. g3 c6 3. d4 exd4 4. Qxd4 Nf6 5. Nc3 Be7 6. Bg2 O-O 7. Nf3 d6 8. Bf4
Na6 9. Rd1 d5 10. cxd5 Nb4 11. O-O Nbxd5 12. Be5 Nxc3 13. Qxc3 Qb6 14. b3 Bf5
15. Nd4 Bg6 16. g4 h6 17. Nf5 Bxf5 18. gxf5 Rad8 19. Bd4 Qa6 20. Qb2 c5 21. Bc3
b5 22. e4 b4 23. Be5 c4 24. bxc4 Qxc4 25. Rc1 Qd3 26. Rfe1 Rfe8 27. Bf1 Qd2 28.
Bb5 Rf8 29. Re2 Qxb2 30. Rxb2 Rc8 31. Rxc8 Rxc8 32. Kg2 a5 33. f4 Rc7 34. Kf3
Rc5 35. Ba4 Rc7 36. Rd2 Rc5 37. Bd4 Rc8 38. Bb2 Rc5 39. h3 Kf8 40. Bb3 Rc7 41.
Be5 Rc8 42. Bb2 Rc7 43. Ba4 Rc5 44. Ke3 Kg8 45. Rd3 Kf8 46. Rd1 Kg8 47. Rc1 Rxc1
48. Bxc1 Bc5+ 49. Kd3 Bb6 50. Bc6 Kf8 51. Kc4 Ke7 52. Kb5 Bc7 53. Be3 Nh5 54. e5
Ng3 55. Bc5+ Kd8 56. f6 gxf6 57. exf6 Nh5 58. Be7+ Kc8 59. Be8 Bd8 60. Bxf7 1-0

[Event "Chigorin Memorial"]
[Site "St Petersburg RUS"]
[Date "2013.10.07"]
[Round "3.79"]
[White "Dushin, Nikolay"]
[Black "Komiagina, Maria"]
[Result "1-0"]
[BlackTitle "WIM"]
[WhiteElo "2006"]
[BlackElo "2272"]
[WhiteFideId "4114612"]
[BlackFideId "4153987"]
[EventDate "2013.10.05"]

1. d4 Nf6 2. Nf3 g6 3. c3 Bg7 4. Bf4 O-O 5. Nbd2 d6 6. e4 Nc6 7. Be2 Nd7 8. Bg3
e5 9. dxe5 Ndxe5 10. O-O Qe7 11. Nxe5 dxe5 12. Qc2 Be6 13. f3 h5 14. Bf2 Bh6 15.
Nb3 b6 16. Bb5 Nd8 17. a4 a6 18. Be2 Nb7 19. Rfd1 h4 20. a5 Bxb3 21. Qxb3 Nxa5
22. Qa4 Qf6 23. b4 Nc6 24. Bxa6 h3 25. Qb5 hxg2 26. Kxg2 Kg7 27. Bb7 Rxa1 28.
Rxa1 Nd8 29. Bc8 Bf4 30. h4 Rh8 31. Rh1 Qd6 32. Qd7 Qxd7 33. Bxd7 Bd2 34. Rd1
Bxc3 35. Rc1 Bxb4 36. Rxc7 Ba5 37. Bg3 Kf6 38. f4 exf4 39. Bxf4 Ne6 40. e5+ Kf5
41. Bg3 b5 42. Rb7 Rd8 43. Bxb5 Rd2+ 44. Kh3 Bc7 45. Bc4 Rd7 46. Ra7 Ke4 47. Kg4
Kd4 48. Bxe6 fxe6 49. Bf2+ Kxe5 50. Rxc7 Rd2 51. Bg3+ Kf6 52. Bf4 Rg2+ 53. Kf3
Ra2 54. Rc5 Ra3+ 55. Kg4 Ra4 56. Re5 Rc4 57. Kf3 Ra4 58. Re4 Ra5 59. Kg4 Rb5 60.
Bg5+ Kf7 61. Rf4+ Kg7 62. Ra4 Rb7 63. Kf4 Kf7 64. Ke4 Rd7 65. Bf4 Rb7 66. Rc4
Rb5 67. Rc7+ Kf8 68. Be5 Ra5 69. Rb7 Ra4+ 70. Bd4 Ra5 71. Rc7 Rh5 72. Bg7+ Ke8
73. Bf6 Ra5 74. Re7+ Kf8 75. Rxe6 Kf7 76. Rd6 Ra4+ 77. Bd4 Ra5 78. Rf6+ Ke7 79.
Rxg6 Rh5 80. Rg4 Ke6 81. Rf4 1-0

[Event "Chigorin Memorial"]
[Site "St Petersburg RUS"]
[Date "2013.10.07"]
[Round "3.80"]
[White "Palchun, Grigory"]
[Black "Selivanov, Ivan"]
[Result "1-0"]
[WhiteElo "2263"]
[BlackElo "2005"]
[WhiteFideId "24147338"]
[BlackFideId "24199060"]
[EventDate "2013.10.05"]

1. e4 Nf6 2. Nc3 e5 3. Nf3 Nc6 4. Bb5 d6 5. d4 exd4 6. Nxd4 Bd7 7. O-O Be7 8.
Re1 O-O 9. Bxc6 bxc6 10. f4 Re8 11. h3 Bf8 12. Nf3 Re7 13. e5 Ne8 14. Be3 g6 15.
Bf2 Bh6 16. Bh4 f6 17. Ne4 Qb8 18. Nxf6+ Nxf6 19. Bxf6 Re8 20. Qd4 c5 21. Qc3
Qb4 22. Qxb4 cxb4 23. Ng5 dxe5 24. fxe5 Bxg5 25. Bxg5 Bf5 26. Bf6 h5 27. Rac1
Rac8 28. Kf2 Kf7 29. Kf3 Be6 30. Kf4 Rb8 31. Kg5 a5 32. Rf1 Bxa2 33. Bd8+ Kg7
34. Bxc7 Rbc8 35. Bd6 Bc4 36. Rf2 Bb3 37. Ra1 Rxc2 38. Rxc2 Bxc2 39. Rxa5 Kf7
40. Bxb4 Rb8 41. Bc3 Bd3 42. Rd5 Be4 43. Rd7+ Ke6 44. Rd6+ Ke7 45. g3 Rb5 46. b4
Bf5 47. g4 hxg4 48. hxg4 Be4 49. Kf4 Bc2 50. Ke3 Rb8 51. Kd4 Bd1 52. Rxg6 Rd8+
53. Ke3 Bc2 54. Rd6 Rc8 55. Bd4 Rc4 56. b5 Rb4 57. b6 Rb3+ 58. Kf4 Bd1 59. Bc5
Rf3+ 60. Kg5 Rc3 61. b7 Rxc5 62. b8=Q Rxe5+ 63. Kf4 Re1 64. Qd8+ Kf7 65. Rf6+
Kg7 66. Qf8+ Kh7 67. Rh6# 1-0

[Event "Chigorin Memorial"]
[Site "St Petersburg RUS"]
[Date "2013.10.07"]
[Round "3.81"]
[White "Kazantsev, Nikita"]
[Black "Sadovsky, Artem"]
[Result "0-1"]
[WhiteElo "1999"]
[BlackElo "2263"]
[WhiteFideId "24175633"]
[BlackFideId "4155840"]
[EventDate "2013.10.05"]

1. e4 b6 2. d4 e6 3. Nc3 Bb7 4. Be3 Bb4 5. Bd3 Nf6 6. f3 d5 7. e5 Nfd7 8. a3 Be7
9. Nce2 c5 10. c3 Ba6 11. Bb1 Nc6 12. f4 Rc8 13. Nf3 Na5 14. O-O cxd4 15. cxd4
Qc7 16. f5 Qc4 17. fxe6 fxe6 18. Ng3 Qb3 19. Re1 Qxd1 20. Rxd1 Nb3 21. Ra2 Bc4
22. Bd3 b5 23. Bxc4 bxc4 24. Nd2 Nb6 25. Ne2 Na4 26. Nc1 Rb8 27. Ne2 Kd7 28. Nb1
Na5 29. Bc1 Nb3 30. Nbc3 Nxc3 31. Nxc3 Na5 32. a4 Nc6 33. Nb5 a6 34. Nd6 Nb4 35.
Ra1 Nd3 36. Be3 Nxb2 37. Re1 c3 38. Bc1 Nd3 39. Rd1 c2 0-1

[Event "Chigorin Memorial"]
[Site "St Petersburg RUS"]
[Date "2013.10.07"]
[Round "3.84"]
[White "Kantyshev, Nikita"]
[Black "Vunder, Andrey"]
[Result "1/2-1/2"]
[WhiteElo "1979"]
[BlackElo "2245"]
[WhiteFideId "4186737"]
[BlackFideId "4128338"]
[EventDate "2013.10.05"]

1. e4 c6 2. d4 d5 3. exd5 cxd5 4. Nf3 Nc6 5. Be2 Nf6 6. O-O Bg4 7. c4 e6 8. cxd5
Nxd5 9. Nc3 Be7 10. Qb3 a6 11. Nxd5 Qxd5 12. Bc4 Qd8 13. Ne5 Nxe5 14. dxe5 Rb8
15. Bxa6 O-O 16. Bb5 Qd4 17. Qc4 Bc5 18. Qxd4 Bxd4 19. Re1 Rfd8 20. Bc4 Rbc8 21.
Bb3 Rc5 22. Re4 Rxe5 23. Rxe5 Bxe5 24. Bg5 Bxb2 25. Bxd8 Bxa1 26. Kf1 Bf5 27.
Ke2 Be4 28. f3 Bd5 29. Kd3 Kf8 30. Bc4 Ke8 31. Bh4 Kd7 32. Bb5+ Bc6 33. Kc4 Be5
34. h3 Kd6 35. a4 Bd5+ 36. Kd3 Bb2 37. Kc2 Bd4 38. Kd3 e5 39. Bd8 Bc5 40. a5 f5
41. a6 bxa6 42. Bxa6 e4+ 43. Ke2 exf3+ 44. gxf3 Ke5 45. Bd3 g6 46. Bg5 Bg1 47.
Bd8 Bc5 48. Bg5 f4 49. h4 Bf8 50. Bd8 Be6 51. h5 Bf5 52. Bc7+ Bd6 53. hxg6 Bxg6
54. Bxg6 hxg6 55. Bb6 Kd5 56. Kf1 Bc5 57. Bc7 Bd6 58. Bb6 1/2-1/2

[Event "Chigorin Memorial"]
[Site "St Petersburg RUS"]
[Date "2013.10.07"]
[Round "3.85"]
[White "Hairapetian, Anna"]
[Black "Solak, Rade"]
[Result "1-0"]
[WhiteTitle "WIM"]
[WhiteElo "2227"]
[BlackElo "1977"]
[WhiteFideId "13303554"]
[BlackFideId "923591"]
[EventDate "2013.10.05"]

1. e4 e6 2. d4 d5 3. Nc3 Bb4 4. e5 c5 5. a3 Bxc3+ 6. bxc3 Ne7 7. a4 Qa5 8. Bd2
c4 9. Nf3 Bd7 10. g3 Bxa4 11. Bh3 Nbc6 12. O-O b5 13. Kh1 h6 14. Nh4 g5 15. Ng2
h5 16. Ne3 O-O-O 17. Bg2 Rdg8 18. f4 h4 19. gxh4 gxf4 20. Rxf4 Rg7 21. Bh3 Ng6
22. Rxf7 Rxf7 23. Bxe6+ Rd7 24. Bxd7+ Kxd7 25. Qg4+ Kd8 26. Qxg6 Ne7 27. Qf6 Rh7
28. Nf5 Qc7 29. Bg5 Bxc2 30. Nxe7 Be4+ 31. Kg1 Qd7 32. Qf8+ Qe8 33. Nc6+ 1-0